| 000 | 00819nam a2200253 i 4500 | ||
|---|---|---|---|
| 001 | bg | ||
| 245 | 0 | 0 |
_aEncyklopedia "białych plam". _nT.3, _pBezbożników związek - cerkiew greckokatolicka / _c[red. Marzena Korytkowska et al. ; aut. haseł Jacek Bartyzel et al.]. |
| 260 |
_aRadom : _bPolskie Wydaw. Encyklopedyczne, _c2000. |
||
| 300 |
_a320 s. ; _c24 cm. |
||
| 500 | _aNa okł. i grzb. tyt. t.: be-ce. | ||
| 504 | _aBibliogr. przy hasłach. | ||
| 650 | 9 | _aEncyklopedia polska | |
| 700 | 1 |
_aKORYTKOWSKA, Marzena. _eRed. |
|
| 700 | 1 |
_aBARTYZEL, Jacek _d(1956- ) |
|
| 020 | _a8391206831 (t. 3) | ||
| 020 | _a8391206807 | ||
| 040 | _cBPK | ||
| 041 | 0 | _apol | |
| 080 | _a0/9(03) | ||
| 920 | _a83-912068-3-1 (t. 3) | ||
| 920 | _a83-912068-0-7 | ||
| 942 | _cKS | ||
| 008 | s pl f |000 0 pol | ||
| 999 |
_c43532 _d43532 |
||
| 856 |
_uhttp://koha.tu.koszalin.pl/cgi-bin/koha/opac-detail.pl?biblionumber=43532 _yKatalog online BPK |
||